| 000 | 00373nam a22001457a 4500 | ||
|---|---|---|---|
| 008 | 230612b |||||||| |||| 00| 0 eng d | ||
| 040 |
_aNational Science Library _cNational Science Library |
||
| 080 |
_aR 58(084.4) _bL7 |
||
| 100 |
_aPopovici, Lucia _911488 |
||
| 245 | _aAtlas botanic | ||
| 300 | _a215p. | ||
| 650 | _aBotany | ||
| 653 | _aAtlas | ||
| 942 |
_2udc _cREF |
||
| 999 |
_c42370 _d42370 |
||